| 000 | 00521pab a2200181 454500 | ||
|---|---|---|---|
| 008 | 180718b2009 xxu||||| |||| 00| 0 eng d | ||
| 100 | _aLaha, Arindam | ||
| 245 | _aImperfect information and rural credit market: a study of some selected villages in West Bengal | ||
| 260 | _c2009 | ||
| 300 | _ap.126-47. | ||
| 362 | _aJan-Dec | ||
| 650 | _aAgricultural credit - India - West Bengal | ||
| 650 | _aAgricultural credit | ||
| 700 | _aKuri, Pravat Kumar | ||
| 773 | _aIASSI Quarterly | ||
| 908 | _aN | ||
| 909 | _a86974 | ||
| 999 |
_c86974 _d86974 |
||